Directory of extramural research & development projects approved for funding by selected central government agencies/departments during 1997-98 (Record no. 193297)

MARC details
000 -LEADER
fixed length control field 00383nam a22001217a 4500
003 - CONTROL NUMBER IDENTIFIER
control field OSt
082 ## - DEWEY DECIMAL CLASSIFICATION NUMBER
Classification number INDIA/S&T
245 ## - TITLE STATEMENT
Title Directory of extramural research & development projects approved for funding by selected central government agencies/departments during 1997-98
260 ## - PUBLICATION, DISTRIBUTION, ETC. (IMPRINT)
Place of publication, distribution, etc New Delhi
Name of publisher, distributor, etc Government of India
Date of publication, distribution, etc 1999
300 ## - PHYSICAL DESCRIPTION
Extent 195p.
546 ## - LANGUAGE
Language note English
942 ## - ADDED ENTRY ELEMENTS (KOHA)
Source of classification or shelving scheme Dewey Decimal Classification
Koha item type Report
Holdings
Lost status Source of classification or shelving scheme Damaged status Not for loan Collection code Home library Current library Shelving location Date acquired Total Checkouts Full call number Barcode Date last seen Koha item type
  Dewey Decimal Classification   Not For Loan Reference Book KAU Central Library, Thrissur KAU Central Library, Thrissur Reports 20/09/2019   INDIA/S&T 211709 20/09/2019 Report
Kerala Agricultural University Central Library
Thrissur-(Dt.), Kerala Pin:- 680656, India
Ph : (+91)(487) 2372219
E-mail: librarian@kau.in
Website: http://library.kau.in/